000
00223nam a22000857a 4500
008
160809b xxu||||| |||| 00| 0 eng d
100
_9
76
_a
Purang Y.P
245
_a
Composite Science-7
260
_a
New Delhi
_b
Arya Publication
_c
2013
999
_c
2730
_d
2730